000 00752nam a22002177a 4500
999 _c196648
_d196648
005 20230814142442.0
010 _aENG-137475
020 _c300.00
_a9788195302444
035 _aEN-121007
037 _bDBAD/PUB
082 _a333.30954
100 _aFernades Walter
245 _aEthnicity and Land Conflicts:
_cBy Walter Fernands
_b Develpoment- induced dispalcement in Tripura 1947-2010/
260 _aGuwati
_bNorth Eastern Social Research Centre
270 _aNorth Eastern Social Research Centre Jagriti 2nd Floor, Arunodoi Path, GMCH Road, Christian Basti
_bGuwati
_e781005
300 _a278p.
_c22cm
700 _aThomas Malsom
700 _aGita Bharali
700 _aMeenal Tula
942 _2ddc
_cEN
_mFER
_h333.30954